Missing Word: 2013 Movies (A-Z) Quiz Stats

 Plays Quiz Updated Jul 27, 2019

Score 0/24 Timer 03:00
3 Plays Today
Movie Title Missing Word % Correct
_____ & Furious 6Fast
98.4%
The _____ GatsbyGreat
97.8%
Now _____ See MeYou
95.8%
_____ of SteelMan
95.2%
Instructions _____ IncludedNot
94%
12 Years a _____Slave
93%
The _____ of Wall StreetWolf
92.7%
Pacific _____Rim
89.3%
Star Trek _____ DarknessInto
89.1%
_____ Me 2Despicable
89.1%
The Hunger Games: _____ FireCatching
86.8%
This Is the _____End
86.5%
Movie Title Missing Word % Correct
_____ HustleAmerican
84%
Oz the Great and _____Powerful
82.1%
Anchorman 2: The _____ ContinuesLegend
81.2%
Monsters _____University
80.9%
_____ the Giant SlayerJack
80.4%
Dallas _____ ClubBuyers
77.8%
White _____ DownHouse
77%
_____ Your DarlingsKill
71%
_____ Has FallenOlympus
70.8%
_____: The Dark WorldThor
70.7%
The _____ TheoremZero
50.4%
Last _____Vegas
11.2%

Today's Daily Dose

Missing Word
Celine Dion

Word Ladder
Dr. Seuss Books

Quick Pick
Cities in India

Get the Picture
'A' Actresses

You're not logged in!

Compare scores with friends on all Sporcle quizzes.
OR
Log In

Sporcle TV

Today on Sporcle TV


Watch our educational content, quiz creation guides, and fun videos on Sporcle TV.

Show Comments

Extras

Top Quizzes Today


Score Distribution

Your Account Isn't Verified!

In order to create a playlist on Sporcle, you need to verify the email address you used during registration. Go to your Sporcle Settings to finish the process.

Report this User

Report this user for behavior that violates our Community Guidelines.

Details: